Detalles MARC
| 000 -LIDER |
| fixed length control field |
01624nam a2200301 a 4500 |
| 001 - NÚMERO DE CONTROL |
| Identificador de número de control |
000018955 |
| 003 - IDENTIFICACDOR DE NÚMERO DE CONTROL |
| control field |
000018955 |
| 005 - DATE AND TIME OF LATEST TRANSACTION |
| control field |
20170927111914.0 |
| 008 - ELEMENTOS DE LONGITUD FIJA |
| fixed length control field |
100521t2004 dr a 001 p spa d |
| 020 ## - ISBN |
| International Standard Book Number |
9945404008 |
| 040 ## - FUENTE DE CATALOGACIÓN |
| Agencia que crea de manera original el registro |
BPMSU |
| Idioma de catalogación |
spa |
| Agencia que realiza la transcripción |
BPMSU |
| 082 ## - NÚMERO DE CLASIFICACIÓN DECIMAL DE DEWEY |
| Classification number |
RD861.44 |
| Item number |
A162a |
| 100 1# - ASIENTO PRINCIPAL -- NOMBRE PERSONAL |
| Nombre personal |
Abréu Mejía, Rafael, |
| Fechas asociadas con el nombre |
1939-2004 |
| 245 10 - MENCIÓN DE TITULO |
| Título |
Ámbito del ser profundo : |
| Subtítulo |
antología poética 1968-2002 / |
| Mención de responsabilidad |
Rafael Abréu Mejía ; selección y edición Miguel Collado ; presentación Tony Raful. |
| 260 ## - PUBLICACIÓN, DISTRIBUCIÓN, ETC. (PIE DE IMPRENTA) |
| Lugar de publicación, distribución, etc |
Santo Domingo : |
| Nombre del editor, distribuidor, etc. |
Secretaría de Estado de Cultura, |
| Fecha de publicación, distribución, etc |
2004. |
| 300 ## - DESCRIPCIÓN FÍSICA |
| Extensión |
146 p. : |
| Otros detalles físicos |
il. ; |
| Dimensiones |
22 cm. |
| 500 ## - NOTA GENERAL |
| Nota general |
Incluye datos biográficos del autor en las solapas |
| 504 ## - NOTA DE BIBLIOGRAFÍA, ETC. |
| Bibliography, etc |
Incluye referencias bibliográficas y notas al pie de páginas. |
| 505 0# - NOTA DE CONTENIDO |
| Título |
Rafael Abréu Mejía, un auténtico amigo / |
| Mención de responsabilidad |
Tony Raful -- |
| Título |
Rafael Abréu Mejía, permanente cultor y amante de la poesía / |
| Mención de responsabilidad |
Mateo Morrison -- |
| Título |
Ha partido el poeta Abreu Mejía / |
| Mención de responsabilidad |
Miguel Collado -- |
| Información miscelánea |
Textos seleccionados : |
| Título |
Poesía -- |
| -- |
La luz abre un paréntesis -- |
| -- |
Con las manos de mi alma -- |
| -- |
Ámbito del ser profundo -- |
| -- |
Hai Q Ram -- |
| -- |
El antilibro de las chchufletas -- |
| -- |
Peccata minuta -- |
| -- |
Después de la pólvora -- |
| -- |
Mi casa y otros lugares -- |
| -- |
Trasmutaciones -- |
| -- |
Evocación de la nostalgia -- |
| -- |
Pájaros de piedra -- |
| -- |
Textos dispersos. |
| 650 #4 - ENCABEZAMIENTO DE MATERIA--TEMÁTICO |
| Término temático o nombre geográfico como elemento de entrada |
POESÍA DOMINICANA |
| 650 #4 - ENCABEZAMIENTO DE MATERIA--TEMÁTICO |
| Término temático o nombre geográfico como elemento de entrada |
LITERATURA DOMINICANA |
| 700 1# - ASIENTO SECUNDARIO -- NOMBRE PERSONAL |
| Nombre personal |
Collado, Miguel, |
| Fechas asociadas con el nombre |
1954-, |
| Mención de responsabilidad |
ed. |
| 700 1# - ASIENTO SECUNDARIO -- NOMBRE PERSONAL |
| Nombre personal |
Raful, Tony, |
| Fechas asociadas con el nombre |
1951- |
| 910 ## - VALIDACIÓN |
| Validación |
Validado. Control de calidad EMS. |
| 942 ## - ADDED ENTRY ELEMENTS (KOHA) |
| Source of classification or shelving scheme |
Dewey Decimal Classification |
| Koha item type |
Libros |
| 945 ## - INFORMACIÓN DE PROCESAMIENTO LOCAL |
| Información de procesamiento local |
Inventariado, 2017/MFF |
| 956 ## - LOCAL ELECTRONIC LOCATION AND ACCESS (OCLC) |
| Nombre de host |
VMATEO |
| Número de acceso |
10 |
| Información de compresión |
20150701 |
| Inicio de sesión |
BPMSU |
| Procesador de solicitud |
0069 |